000 01513cam a22004337a 4500
003 CHAP
005 20220817044021.0
008 050418s1994 mx r 00010 spa d
010 _a90106
011 _a91078
020 _a9682318971
035 _a101636
040 _cCHAP
082 0 4 _a311
_bP4
100 0 0 _aPeña, Sergio de la.
_986869
245 1 3 _aLa estadística económica en México : los orígenes
_c/por Sergio de la peña y James W. Wilkie
260 _aMéxico, D.F. :
_bSiglo XXI,
_c1994
300 _a196 p.
490 0 _aCiclos y tendencias en el México del siglo XX
590 _aBATCH-UPD
_b10
_c20130109
_lUCH01
_h2343
590 _aBATCH-UPD
_b10
_c20130110
_lUCH01
_h0404
590 _aBATCH-UPD
_b10
_c20130110
_lUCH01
_h2135
590 _aBATCH-UPD
_b10
_c20130409
_lUCH01
_h1913
590 _aBATCH-UPD
_b10
_c20130410
_lUCH01
_h0037
590 _aBATCH-UPD
_b10
_c20130914
_lUCH01
_h0932
590 _aCONVERSION
_b10
_c20130109
_lUCH01
_h1350
650 0 4 _aEconomía
_xEstadísticas.
_935234
650 0 4 _aEstadística
_xHistoria.
_938250
650 0 4 _aMéxico
_xEstadísticas.
_976743
650 0 4 _aPolítica económica
_zMéxico.
_990535
650 0 4 _aPolítica social
_zMéxico.
650 0 4 _aReforma agraria
_zMéxico.
_995596
700 0 _aWilkie, James W.
_9121967
830 0 0 _aCiclos y tendencias en el México del siglo XX
_923079
901 _aBK
905 _aAlejandra Carrasco M.
942 _cLIBRO
949 _a311 P4
_bBC
_cLIBRO
_d33724000798906
_eLIBRO
_h105313
_i101636
_sb
999 _c90106
_d90106